000 00728nam a22002292 4500
001 0000020316
005 20151217145924.0
008 110912s xx 000 0 eng d
020 _a0199267187 :
040 _aKABU
_cKABU
100 1 _aShakespeare, William,
_d1564-1616.
_@0000000547
245 1 4 _aThe Complete works /
_cWilliam Shakespeare; general editors Stanley Wells and Gary Taylor.
250 _a2nd ed.
260 _aOxford :
_bClarendon,
_c2005.
300 _alxxv, 1344 p.
650 0 _aEnglish literature.
_@0000152215
700 1 _aWells, Stanley.
_@0000180481
700 1 _aTaylor, Gary.
_@0000180482
852 1 _9p2379 KES
908 _a110912
950 _@1
999 _c4098
_d4098